[Event "Ann Arbor (HVA/4/6)"]
[Site "?"]
[Date "1991.??.??"]
[Round "?"]
[White "June, Brian"]
[Black "Hawley, T."]
[Result "0-1"]
[WhiteElo "1870"]
[BlackElo "1700"]
[PlyCount "99"]
[EventDate "1991.??.??"]

{4/(6)} 1. d4 Nf6 2. Nf3 g6 3. c4 d5 4. Nc3 Bg7 5. e3 c6 6. Qb3 O-O 7. Be2 a5
8. O-O dxc4 9. Bxc4 b5 10. Be2 a4 11. Qc2 Na6 12. a3 Nc7 13. Ne5 Bd7 14. e4 Ne6
15. Be3 Rc8 16. Qd2 Qc7 17. f4 Rfd8 18. Rac1 Qa5 19. f5 Nf8 20. Qe1 b4 21. axb4
Qxb4 22. Bc4 Be8 23. Qe2 c5 24. Bd2 cxd4 25. Nd5 Qd6 26. Bf4 Qc5 27. Qd3 Qa7
28. fxg6 hxg6 29. Rfd1 Nh5 30. g3 Ne6 31. Qa3 Bf8 32. Bd2 Nf6 33. Nxf6+ exf6
34. Bb4 Bxb4 35. Qxb4 fxe5 36. Qd2 d3+ 37. Kg2 Qd4 38. Bd5 Rxc1 39. Rxc1 Nc5
40. Rc4 Nb3 41. Rxd4 Nxd2 42. Bxf7+ Kxf7 43. Rxd8 Bc6 44. Kf2 Nxe4+ 45. Ke3 Ke7
46. Rxd3 Ke6 47. Rd1 Nd6 48. Rc1 Bd5 49. Rc5 Nc4+ 50. Ke2 0-1

[Event "Ann Arbor (HVA/1/15)"]
[Site "?"]
[Date "1991.??.??"]
[Round "?"]
[White "Jordan, Willie"]
[Black "Schultz, D."]
[Result "1-0"]
[WhiteElo "1675"]
[BlackElo "1605"]
[PlyCount "33"]
[EventDate "1991.??.??"]

{1/(15)} 1. d4 d5 2. Nf3 e6 3. Nbd2 Bd6 4. e4 dxe4 5. Nxe4 Nf6 6. Bd3 Nbd7 7.
Bd2 Nxe4 8. Bxe4 h6 9. Qe2 Nf6 10. Bd3 O-O 11. h3 Qe7 12. Ne5 c6 13. g4 Re8 14.
h4 c5 15. g5 hxg5 16. hxg5 Nd5 17. Qh5 1-0

[Event "Ann Arbor (HVA/3/12)"]
[Site "?"]
[Date "1991.??.??"]
[Round "?"]
[White "Jordan, Willie"]
[Black "Kane, Paul"]
[Result "1-0"]
[WhiteElo "1675"]
[BlackElo "1605"]
[PlyCount "83"]
[EventDate "1991.??.??"]

{3/(12)} 1. d4 d5 2. Nf3 c5 3. c3 Nc6 4. dxc5 e5 5. b4 Nf6 6. e3 a6 7. Bb2 Be7
8. Be2 O-O 9. O-O Bg4 10. Nbd2 Qd7 11. Rc1 a5 12. a3 axb4 13. cxb4 Na7 14. Nxe5
Qe6 15. Nxg4 Nc6 16. Nxf6+ Bxf6 17. Bxf6 gxf6 18. Nf3 Kh8 19. b5 Ne5 20. a4 Rg8
21. g3 Rg7 22. Nxe5 fxe5 23. Bf3 e4 24. Bg2 f5 25. Qd4 h5 26. h4 Kh7 27. c6 Rd8
28. c7 Rc8 29. b6 Qd7 30. a5 Qb5 31. Rc5 Qe2 32. Qxd5 Rxg3 33. Qxf5+ Kh6 34.
Qf4+ Kh7 35. Qxg3 Rg8 36. Qxg8+ Kxg8 37. c8=Q+ Kg7 38. Qxb7+ Kf6 39. Qxe4 Qg4
40. Qc6+ Qe6 41. Rf5+ Kxf5 42. Bh3+ 1-0

[Event "Detroit (HPO/5/23)"]
[Site "?"]
[Date "1991.??.??"]
[Round "?"]
[White "Jointer, William"]
[Black "Vaughn, Gerald"]
[Result "0-1"]
[WhiteElo "1740"]
[BlackElo "1605"]
[PlyCount "112"]
[EventDate "1991.??.??"]

{5/(23)} 1. e4 e5 2. f4 Nc6 3. fxe5 Qh4+ 4. Ke2 Qxe4+ 5. Kf2 Bc5+ 6. Kg3 Qxe5+
7. Kf3 Nd4+ 8. Kf2 Nxc2+ 9. d4 Bxd4+ 10. Kf3 Ne1+ 11. Qxe1 Qxe1 12. Ne2 Qf2+
13. Ke4 Nf6+ 14. Kd3 c5 15. Bf4 Bxb2 16. Nbc3 Bxa1 17. Nd1 c4+ 18. Kc2 Qb6 19.
Be3 Qb5 20. Nec3 Bxc3 21. Nxc3 Qf5+ 22. Kb2 d5 23. Nb5 O-O 24. Bd4 Bd7 25. Nc3
Ne4 26. Ne2 Nf2 27. Rg1 Nd3+ 28. Kc3 b5 29. a3 a5 30. Ng3 b4+ 31. Kc2 Ne1+ 32.
Kd1 Qb1+ 33. Ke2 Bg4+ 34. Kf2 Rae8 35. Be2 Nd3+ 36. Bxd3 Qxd3 37. Bc5 Qd2+ 38.
Ne2 Qxe2+ 39. Kg3 b3 40. h3 Bh5 41. Kh2 b2 42. a4 Qe1 43. Ba3 Qxg1+ 44. Kxg1
b1=Q+ 45. Kh2 Re1 46. Bxf8 Kxf8 47. Kg3 Qb3+ 48. Kh2 c3 49. Kg3 c2+ 50. Kh4 Bd1
51. g3 h6 52. g4 Qc4 53. Kh5 Re5+ 54. Kh4 Qe2 55. Kg3 Qf3+ 56. Kh4 g5+ 0-1

[Event "East Lansing (MOR/5)"]
[Site "?"]
[Date "1991.??.??"]
[Round "?"]
[White "Jointer, William"]
[Black "Sundeen, David"]
[Result "1-0"]
[WhiteElo "1750"]
[BlackElo "1695"]
[PlyCount "57"]
[EventDate "1991.??.??"]

1. e4 e5 2. f4 exf4 3. Nf3 d6 4. Bc4 Be6 5. d3 Bxc4 6. dxc4 Be7 7. Bxf4 Nc6 8.
Nc3 Qd7 9. O-O O-O-O 10. Nd5 h6 11. b4 Bf6 12. c3 Be5 13. Be3 Nge7 14. Qa4 a6
15. b5 Nb8 16. Qa5 Nxd5 17. exd5 b6 18. Qa3 a5 19. c5 Qxb5 20. Rab1 Qd3 21. Bf2
Qxc3 22. Rb3 Qc4 23. cxb6 Qxd5 24. bxc7 Kxc7 25. Rd3 Qb7 26. Qxa5+ Kc8 27. Rc1+
Nc6 28. Rb3 Qc7 29. Qa6+ 1-0

[Event "Ann Arbor (HVA/1/11)"]
[Site "?"]
[Date "1991.??.??"]
[Round "?"]
[White "Jointer, William"]
[Black "Moore, De"]
[Result "1-0"]
[WhiteElo "1740"]
[BlackElo "1605"]
[PlyCount "53"]
[EventDate "1991.??.??"]

{1/(11)} 1. e4 e5 2. f4 d6 3. Nf3 Qe7 4. Bc4 h6 5. O-O Nf6 6. Nc3 Nc6 7. d4
exd4 8. Nxd4 Nxd4 9. Qxd4 Be6 10. Nd5 Bxd5 11. exd5 Kd8 12. Bd2 Qe4 13. Bc3
Qxc2 14. Bd3 Qxd3 15. Qxd3 a5 16. Rae1 Be7 17. Qb5 b6 18. Re2 Re8 19. Rfe1 h5
20. Qc6 Rc8 21. Qb7 Ng8 22. Bxg7 f6 23. Bxf6 Nxf6 24. Rxe7 Rxe7 25. Rxe7 Nxd5
26. Rh7 Ne7 27. Rxe7 1-0

[Event "Detroit (HPO/3/29)"]
[Site "?"]
[Date "1991.??.??"]
[Round "?"]
[White "Jointer, William"]
[Black "Duke, D."]
[Result "0-1"]
[WhiteElo "1740"]
[BlackElo "1605"]
[PlyCount "122"]
[EventDate "1991.??.??"]

{3/(29)} 1. e4 c6 2. d4 d5 3. Nc3 Qa5 4. Bd2 Qc7 5. exd5 e6 6. dxc6 Nxc6 7. Bb5
Bd7 8. Nf3 Nf6 9. Qe2 Bd6 10. d5 Nb4 11. O-O-O Nfxd5 12. Bxd7+ Qxd7 13. a3 Nxc3
14. Bxc3 Na2+ 15. Kb1 Nxc3+ 16. bxc3 O-O 17. Qd3 Rad8 18. Ng5 g6 19. Ne4 Qe7
20. Nxd6 Rd7 21. Rd2 Rfd8 22. Qe3 Rxd6 23. Qc5 Rb6+ 24. Qxb6 axb6 25. Rxd8+
Qxd8 26. Kc1 Qa8 27. Kb2 b5 28. Rd1 b6 29. f3 e5 30. Re1 f6 31. Rd1 f5 32. Re1
e4 33. fxe4 fxe4 34. g3 Qe8 35. Re3 Kf7 36. Kb3 Qe5 37. h4 h5 38. Kb2 Kf6 39.
Kc1 Kf5 40. Kd2 Qd6+ 41. Ke2 Qxa3 42. Kf2 Qb2 43. Re2 Qxc3 44. Kg1 Qf3 45. Rf2
Kg4 46. Rxf3 Kxf3 47. Kf1 Kxg3 48. Ke2 Kxh4 49. Ke3 g5 50. Kxe4 g4 51. Ke3 Kh3
52. Kf2 g3+ 53. Kg1 g2 54. c3 Kg3 55. c4 h4 56. cxb5 Kf3 57. Kh2 Kf2 58. Kh3
g1=Q 59. Kxh4 Kf3 60. Kh5 Kf4 61. Kh6 Kf5 0-1

[Event "East Lansing (MOR/7)"]
[Site "?"]
[Date "1991.??.??"]
[Round "?"]
[White "Jointer, William"]
[Black "Deese, C."]
[Result "0-1"]
[WhiteElo "1750"]
[BlackElo "1635"]
[PlyCount "70"]
[EventDate "1991.??.??"]

1. e4 c6 2. d4 d5 3. exd5 cxd5 4. c4 Nf6 5. Nc3 e6 6. cxd5 Nxd5 7. Nf3 Bb4 8.
Bb5+ Bd7 9. Bxd7+ Nxd7 10. Bd2 Qa5 11. Qb3 N7b6 12. O-O Rc8 13. a3 Bxc3 14.
bxc3 Nxc3 15. Rac1 Ne2+ 16. Kh1 Nxc1 17. Qb2 Nd3 18. Qb3 Qa6 19. Kg1 O-O 20.
Be3 Qc4 21. Qb1 Na4 22. Nd2 Qc2 23. Qb5 Nb6 24. Qg5 Nd5 25. Ne4 Nxe3 26. fxe3
Rc7 27. Nf6+ Kh8 28. Nh5 Rg8 29. h3 h6 30. Qh4 Qe2 31. Nf6 Qxe3+ 32. Kh2 Qg5
33. Qe4 gxf6 34. Rg1 Qg3+ 35. Kh1 Nf2# 0-1

[Event "East Lansing (MOR/1)"]
[Site "?"]
[Date "1991.??.??"]
[Round "?"]
[White "Jointer, William"]
[Black "Cooper, Willie"]
[Result "1-0"]
[WhiteElo "1750"]
[BlackElo "1605"]
[PlyCount "79"]
[EventDate "1991.??.??"]

1. e4 c5 2. Nf3 Nc6 3. d4 cxd4 4. Nxd4 e6 5. Nc3 a6 6. Nxc6 bxc6 7. e5 Ne7 8.
Bg5 Qc7 9. f4 Ng6 10. Qd2 h6 11. f5 Qxe5+ 12. Be3 Qxf5 13. O-O-O Bb4 14. Bd3
Bxc3 15. Qxc3 Qe5 16. Bd4 Qg5+ 17. Rd2 e5 18. Bc5 Nf4 19. Bc4 d5 20. Re1 e4 21.
Bf1 Ne6 22. Be3 Qd8 23. Qxc6+ Bd7 24. Qxd5 Qc8 25. Red1 Bc6 26. Qd6 Qc7 27. Qa3
Qe7 28. Qc3 Rc8 29. Bxa6 Bb7 30. Bb5+ Kf8 31. Qb3 Nc5 32. Bxc5 Qxc5 33. Rd8+
Rxd8 34. Rxd8+ Ke7 35. Rd7+ Kf6 36. Qxf7+ Ke5 37. Qxg7+ Kf4 38. Rf7+ Ke3 39.
Qxh8 Qxb5 40. Qc3+ 1-0

[Event "Ann Arbor (HVA/5/7)"]
[Site "?"]
[Date "1991.??.??"]
[Round "?"]
[White "Jointer, William"]
[Black "Carpenter, George"]
[Result "1-0"]
[WhiteElo "1740"]
[BlackElo "1605"]
[PlyCount "65"]
[EventDate "1991.??.??"]

{5/(7)} 1. e4 d6 2. d4 Nf6 3. Nc3 g6 4. f4 Bg7 5. Nf3 O-O 6. Bc4 Nxe4 7. Nxe4
d5 8. Bxd5 Qxd5 9. Nc3 Qd8 10. O-O c6 11. Ne4 Bg4 12. c3 Qc7 13. h3 Bxf3 14.
Qxf3 Nd7 15. f5 Nf6 16. Bf4 Qa5 17. Be5 Nxe4 18. Qxe4 Bxe5 19. dxe5 e6 20. f6
Rad8 21. Qf4 Kh8 22. Rad1 Qb5 23. Qh6 Qb6+ 24. Kh1 Rg8 25. Rde1 Qxb2 26. Re4
Qd2 27. Ref4 Rd5 28. R1f2 Qe3 29. R2f3 Rd1+ 30. Kh2 Qg1+ 31. Kg3 Qe1+ 32. Rf2
Rd2 33. Qxh7+ 1-0

[Event "East Lansing (MOR/3)"]
[Site "?"]
[Date "1991.??.??"]
[Round "?"]
[White "Jointer, William"]
[Black "Calton, David A"]
[Result "1-0"]
[WhiteElo "1750"]
[BlackElo "1655"]
[PlyCount "29"]
[EventDate "1991.??.??"]

1. e4 d6 2. d4 g6 3. Nf3 Nf6 4. Nc3 Bg7 5. h3 Nc6 6. Be3 O-O 7. Qd2 e5 8. d5
Ne7 9. O-O-O a5 10. Bh6 Nh5 11. g4 Bxh6 12. Qxh6 Nf4 13. Ng5 Re8 14. Qxh7+ Kf8
15. Qxf7# 1-0

[Event "Detroit (HPO/2/14)"]
[Site "?"]
[Date "1991.??.??"]
[Round "?"]
[White "Jointer, William"]
[Black "Calton, Bill"]
[Result "0-1"]
[WhiteElo "2080"]
[BlackElo "1740"]
[PlyCount "80"]
[EventDate "1991.??.??"]

{2/(14)} 1. e4 e5 2. Nf3 Nc6 3. Bc4 Nf6 4. Ng5 Bc5 5. Nxf7 Bxf2+ 6. Kxf2 Nxe4+
7. Kg1 Qh4 8. Qf1 Rf8 9. g3 Nxg3 10. hxg3 Qxg3+ 11. Qg2 Qe1+ 12. Kh2 Qh4+ 13.
Kg1 Qd4+ 14. Kh2 Qxc4 15. Ng5 Qh4+ 16. Nh3 Nd4 17. Rf1 Rxf1 18. Qxf1 Nxc2 19.
Qf5 d6 20. Qf3 Qxh3+ 21. Qxh3 Bxh3 22. Kxh3 Nxa1 23. Na3 Kd7 24. b4 Rf8 25. Kg2
Rf4 26. Bb2 Rd4 27. Bxd4 exd4 28. Kf3 d3 29. Nb1 Nc2 30. a3 d5 31. Kf4 Ke6 32.
b5 c5 33. a4 h6 34. Nc3 g5+ 35. Kg4 Ke5 36. a5 d4 37. Na4 Kd5 38. Nb6+ axb6 39.
a6 bxa6 40. bxa6 Kc6 0-1

[Event "Ann Arbor (HVA/3/8)"]
[Site "?"]
[Date "1991.??.??"]
[Round "?"]
[White "Jointer, William"]
[Black "Anderson, D."]
[Result "1-0"]
[WhiteElo "1740"]
[BlackElo "1605"]
[PlyCount "59"]
[EventDate "1991.??.??"]

{3/(8)} 1. e4 c5 2. Nf3 d6 3. d4 cxd4 4. Nxd4 Nf6 5. Nc3 a6 6. Bg5 e6 7. Qd2
Be7 8. f4 Qc7 9. O-O-O O-O 10. Be2 b5 11. Bf3 b4 12. Na4 Bb7 13. Qxb4 Nbd7 14.
e5 Bxf3 15. Nxf3 Nd5 16. Rxd5 Rab8 17. Qa5 Nb6 18. exd6 Bxd6 19. Rd3 Rfc8 20.
Rc3 Qb7 21. Nxb6 Rxc3 22. Qxc3 Qxb6 23. Rd1 h6 24. Bh4 Bxf4+ 25. Kb1 a5 26. Be7
Rb7 27. Bd8 Bc7 28. Bxc7 Rxc7 29. Qb3 Qf2 30. Qb8+ 1-0

[Event "Detroit (HPO/2/13)"]
[Site "?"]
[Date "1991.??.??"]
[Round "?"]
[White "Jirjis, Faris"]
[Black "Burke, Tim"]
[Result "1-0"]
[WhiteElo "2095"]
[BlackElo "1730"]
[PlyCount "61"]
[EventDate "1991.??.??"]

{2/(13)} 1. e4 e5 2. Nf3 Nc6 3. d4 exd4 4. Bc4 Be7 5. c3 Nf6 6. e5 Ng4 7. cxd4
d5 8. Bb5 h5 9. Nc3 Nh6 10. O-O Nf5 11. Re1 g5 12. Qa4 g4 13. Ng5 O-O 14. Bxc6
Bxg5 15. Bxg5 Qxg5 16. Bxd5 h4 17. Ne4 Qg6 18. Nf6+ Kh8 19. g3 Ng7 20. Be4 Qg5
21. Nh7 Qd8 22. Nxf8 Qxf8 23. Qa3 Qxa3 24. bxa3 h3 25. d5 Ne8 26. Rac1 Kg7 27.
f4 Kf8 28. f5 Ke7 29. Rf1 Kd8 30. Rf4 Ng7 31. Rxg4 1-0

[Event "Flint (MEX/2)"]
[Site "?"]
[Date "1991.??.??"]
[Round "?"]
[White "Jarosz, Stan"]
[Black "Vandivier, Don"]
[Result "1-0"]
[WhiteElo "2050"]
[BlackElo "2045"]
[PlyCount "113"]
[EventDate "1991.??.??"]

1. d4 Nf6 2. Nf3 e6 3. c4 d5 4. Nc3 Be7 5. Bg5 O-O 6. e3 a6 7. c5 c6 8. Bd3 b6
9. cxb6 Qxb6 10. Qc2 h6 11. Bh4 c5 12. dxc5 Qxc5 13. O-O Nc6 14. a3 Rb8 15. b4
Qa7 16. Bg3 Ra8 17. Nxd5 Nxd5 18. Qxc6 Bb7 19. Qc2 Rac8 20. Qd2 Nc3 21. Rac1
Ne4 22. Bxe4 Bxe4 23. Rxc8 Rxc8 24. Rc1 Rd8 25. Qc3 Qb7 26. Ne1 a5 27. bxa5 Ra8
28. f3 Bg6 29. Nd3 Qb5 30. Ne5 Rxa5 31. Nc6 Bxa3 32. Ra1 Ra4 33. Rxa3 Qb1+ 34.
Kf2 Rxa3 35. Ne7+ Kh7 36. Qxa3 Qc2+ 37. Kg1 Qd1+ 38. Kf2 Bd3 39. Be5 Qf1+ 40.
Kg3 Qe1+ 41. Kh3 Qxe3 42. Qa8 Bf5+ 43. Nxf5 Qxe5 44. Ng3 f5 45. Qc6 g5 46. Qd7+
Kh8 47. Qe8+ Kh7 48. Qf7+ Kh8 49. Qg6 Qg7 50. Qxg7+ Kxg7 51. Ne2 e5 52. g4 Kf6
53. Kg3 e4 54. fxe4 fxe4 55. Kf2 h5 56. h3 hxg4 57. hxg4 1-0

[Event "Flint (MEX/3)"]
[Site "?"]
[Date "1991.??.??"]
[Round "?"]
[White "Jarosz, Stan"]
[Black "Levine, H."]
[Result "1-0"]
[WhiteElo "2050"]
[BlackElo "2040"]
[PlyCount "65"]
[EventDate "1991.??.??"]

1. d4 d5 2. Nf3 Nf6 3. Bf4 g6 4. h3 Bg7 5. e3 O-O 6. c3 Nbd7 7. Nbd2 b6 8. Be2
Bb7 9. O-O c5 10. Ne5 e6 11. Ndf3 Ne8 12. Bb5 Nxe5 13. Nxe5 Nd6 14. Be2 f6 15.
Nf3 Rc8 16. a4 Qe7 17. a5 e5 18. dxe5 fxe5 19. Bg5 Bf6 20. Bxf6 Qxf6 21. axb6
axb6 22. Ba6 Rcd8 23. Qb3 e4 24. Nd2 Ba8 25. Be2 Nf5 26. Nxe4 Qe5 27. Bf3 c4
28. Qb5 Nh4 29. Nd2 Qg5 30. Rxa8 Rxf3 31. Rxd8+ Kg7 32. Qd7+ Kh6 33. Qg4 1-0

[Event "Flint (MEX/4)"]
[Site "?"]
[Date "1991.??.??"]
[Round "?"]
[White "Jarosz, Stan"]
[Black "Gabbara, Faris"]
[Result "1/2-1/2"]
[WhiteElo "2050"]
[BlackElo "2125"]
[PlyCount "189"]
[EventDate "1991.??.??"]

1. d4 Nf6 2. Nf3 e6 3. c4 b6 4. a3 Bb7 5. Nc3 d5 6. cxd5 exd5 7. Bg5 Be7 8. e3
Nbd7 9. Bd3 h6 10. Bh4 Ne4 11. Bxe7 Qxe7 12. Rc1 O-O 13. O-O c5 14. Qe2 Rac8
15. dxc5 Ndxc5 16. Nd4 Nxd3 17. Qxd3 Nxc3 18. Rxc3 Rxc3 19. Qxc3 Rc8 20. Qd3
Qe4 21. Qxe4 dxe4 22. Rd1 g6 23. Kf1 Ba6+ 24. Ke1 Bd3 25. f4 f5 26. Kd2 Kf7 27.
Rc1 Rxc1 28. Kxc1 a5 29. Kd2 Kf6 30. Kc3 g5 31. g3 gxf4 32. gxf4 Ba6 33. Nc6
Bb5 34. Ne5 Ke6 35. Kd4 Be2 36. h4 h5 37. b4 axb4 38. axb4 Kd6 39. Nf7+ Ke6 40.
Ne5 Bb5 41. Ng6 Bd3 42. Nf8+ Kd6 43. Nh7 Bf1 44. Nf6 Be2 45. Nd5 b5 46. Nc3 Bc4
47. Nb1 Bf1 48. Nd2 Be2 49. Kc3 Bd1 50. Kd4 Be2 51. Nb3 Bc4 52. Nd2 Be2 53. Nb1
Bf1 54. Nc3 Bc4 55. Nd1 Bf1 56. Nf2 Bg2 57. Nd1 Bf1 58. Nc3 Bc4 59. Nb1 Bf1 60.
Kc3 Be2 61. Nd2 Bd1 62. Nf1 Kd5 63. Nd2 Ba4 64. Nb1 Bd1 65. Na3 Ba4 66. Kd2 Kc6
67. Nb1 Kd5 68. Kc3 Bd1 69. Nd2 Ba4 70. Nf1 Bd1 71. Ng3 Bg4 72. Nh1 Bf3 73. Nf2
Bg2 74. Kb3 Bf1 75. Nh1 Be2 76. Ng3 Bd1+ 77. Kb2 Kc4 78. Nxf5 Kd3 79. Nh6 Kxe3
80. f5 Be2 81. f6 Bc4 82. Kc3 Kf2 83. f7 Bxf7 84. Nxf7 e3 85. Ne5 Kg3 86. Kd3
Kf4 87. Nc6 Kf3 88. Nd4+ Kf2 89. Ke4 e2 90. Nxe2 Kxe2 91. Kd4 Kf3 92. Kc5 Kg4
93. Kxb5 Kxh4 94. Kc5 Kg4 95. b5 1/2-1/2

[Event "Detroit (HPO/1/36)"]
[Site "?"]
[Date "1991.??.??"]
[Round "?"]
[White "Jackson, K."]
[Black "Jointer, William"]
[Result "0-1"]
[WhiteElo "1605"]
[BlackElo "1740"]
[PlyCount "56"]
[EventDate "1991.??.??"]

{1/(36)} 1. e4 c5 2. Bc4 d6 3. Nf3 Nf6 4. d4 cxd4 5. Qxd4 Nc6 6. Bxf7+ Kxf7 7.
Qd1 h6 8. Nc3 e6 9. Be3 Be7 10. a4 Rf8 11. e5 Nxe5 12. Bd4 Nxf3+ 13. Qxf3 Kg8
14. Qd1 e5 15. Be3 d5 16. Bc1 d4 17. Ne2 Ne4 18. O-O Bc5 19. Qd3 Qh4 20. Qc4+
Kh8 21. Qd3 Nxf2 22. Rxf2 Qxf2+ 23. Kh1 Qe1+ 24. Ng1 Rf1 25. Qxf1 Qxf1 26. h3
d3 27. Kh2 Bxg1+ 28. Kg3 Qf2# 0-1

[Event "Detroit (HPO/1/3)"]
[Site "?"]
[Date "1991.??.??"]
[Round "?"]
[White "Imai, Toshio"]
[Black "Stone, Ray"]
[Result "0-1"]
[WhiteElo "1705"]
[BlackElo "2420"]
[PlyCount "78"]
[EventDate "1991.??.??"]

{1/(3)} 1. e4 c5 2. Nf3 e6 3. d4 cxd4 4. c3 dxc3 5. Nxc3 Nc6 6. Bc4 d6 7. O-O
Nge7 8. Bg5 a6 9. Qe2 h6 10. Be3 Ng6 11. Rad1 Be7 12. Nd4 O-O 13. f4 Na5 14.
Bd3 Bd7 15. Qh5 Rc8 16. e5 Nc4 17. Bc1 dxe5 18. f5 exf5 19. Nxf5 Bxf5 20. Bxf5
Qb6+ 21. Kh1 Rcd8 22. Nd5 Qc5 23. b4 Qd6 24. Rd3 Nb6 25. Nxe7+ Qxe7 26. Rh3 Nf4
27. Bxf4 exf4 28. Qg4 Qd6 29. a3 Nc4 30. Qh5 Ne3 31. Re1 Qd5 32. Rhxe3 fxe3 33.
Qh3 Rfe8 34. Bc2 e2 35. Qf3 Qxf3 36. gxf3 Rd2 37. Ba4 b5 38. Kg2 bxa4 39. Kf2
Ra2 0-1

[Event "East Lansing (MOR/5)"]
[Site "?"]
[Date "1991.??.??"]
[Round "?"]
[White "Imai, Toshio"]
[Black "Sledge, Ernest"]
[Result "1-0"]
[WhiteElo "1720"]
[BlackElo "1670"]
[PlyCount "93"]
[EventDate "1991.??.??"]

1. e4 e6 2. d4 c6 3. e5 d5 4. f4 Ne7 5. Nf3 Ng6 6. a3 Be7 7. Bd3 O-O 8. O-O c5
9. c3 cxd4 10. cxd4 a6 11. Be3 Nc6 12. Nbd2 Bd7 13. Ng5 Bxg5 14. fxg5 Qb6 15.
Bxg6 fxg6 16. Nf3 Ne7 17. Qd2 Nf5 18. Bf2 Rac8 19. Rfc1 Rc6 20. b4 Rc4 21. Rxc4
dxc4 22. d5 Qc7 23. Bc5 Re8 24. d6 Qc6 25. Rc1 b5 26. Nd4 Qd5 27. Re1 Rf8 28.
Nf3 Qc6 29. Qc3 Qd5 30. Qc2 Qc6 31. Bd4 Nxd4 32. Nxd4 Qb6 33. Qd2 Rc8 34. Qc3
Ra8 35. Kh1 Rf8 36. Qd2 Bc6 37. Nxc6 Qxc6 38. Qe3 h6 39. gxh6 gxh6 40. Qxh6 Qe4
41. Qxf8+ Kxf8 42. Rxe4 Ke8 43. Re3 Kd7 44. h4 Kc6 45. g4 Kd5 46. d7 Kd4 47.
Re1 1-0

[Event "East Lansing (MOR/6)"]
[Site "?"]
[Date "1991.??.??"]
[Round "?"]
[White "Imai, Toshio"]
[Black "Sarkisova, V."]
[Result "0-1"]
[WhiteElo "1720"]
[BlackElo "1605"]
[PlyCount "64"]
[EventDate "1991.??.??"]

1. e4 c5 2. Nf3 d6 3. Bb5+ Nc6 4. O-O a6 5. Bxc6+ bxc6 6. c3 Bg4 7. h3 Bh5 8.
g4 Bg6 9. e5 e6 10. d4 d5 11. b3 cxd4 12. cxd4 Bb4 13. a3 Ba5 14. b4 Bb6 15.
Be3 a5 16. Nc3 Ne7 17. Na4 O-O 18. Bg5 Re8 19. Rc1 axb4 20. axb4 Be4 21. Rxc6
Bxf3 22. Qxf3 Rxa4 23. Rd6 Qb8 24. Bxe7 Rxe7 25. Rc1 Bxd4 26. Rdc6 Re8 27. Rc7
Rf8 28. Qe2 Rxb4 29. Qc2 Rb2 30. Qc6 Rb1 31. Kg2 Rxc1 32. Qxc1 Bxe5 0-1

[Event "Detroit (HPO/4/22)"]
[Site "?"]
[Date "1991.??.??"]
[Round "?"]
[White "Imai, Toshio"]
[Black "Koger, Melvin"]
[Result "0-1"]
[WhiteElo "1705"]
[BlackElo "1755"]
[PlyCount "72"]
[EventDate "1991.??.??"]

{4/(22)} 1. e4 d6 2. d4 Nf6 3. Nc3 g6 4. f4 Bg7 5. Nf3 c5 6. e5 dxe5 7. fxe5
Nfd7 8. Bb5 cxd4 9. Qxd4 O-O 10. Bxd7 Nxd7 11. Bf4 e6 12. O-O-O Qa5 13. Kb1 b5
14. Ne4 Bb7 15. Nf6+ Nxf6 16. exf6 Rfd8 17. Qe5 Rd5 18. Rxd5 Bxd5 19. b3 Bf8
20. Bc1 Rc8 21. Bb2 Qc7 22. Qe2 a5 23. h4 a4 24. Rc1 Qb7 25. h5 axb3 26. cxb3
Be4+ 27. Ka1 Ra8 28. Be5 Qd5 29. hxg6 Bxg6 30. Nh4 Be4 31. Nf3 Qxb3 32. Nd4 Qd5
33. Nc6 Kh8 34. g3 b4 35. Qb2 b3 36. Nb4 Bxb4 0-1

[Event "East Lansing (MOR/2)"]
[Site "?"]
[Date "1991.??.??"]
[Round "?"]
[White "Imai, Toshio"]
[Black "Brotherton, D."]
[Result "1-0"]
[WhiteElo "1720"]
[BlackElo "1605"]
[PlyCount "43"]
[EventDate "1991.??.??"]

1. e4 e5 2. Bc4 Nf6 3. d4 Nxe4 4. dxe5 Nc5 5. Nf3 Be7 6. Nc3 c6 7. Be3 O-O 8.
Bxc5 Bxc5 9. O-O d5 10. exd6 Bxd6 11. Qd3 Bg4 12. h3 Bxf3 13. Qxf3 Nd7 14. Qf5
Nf6 15. Rad1 Qc7 16. Rd3 Rad8 17. Kh1 Bb4 18. Rg3 Bxc3 19. Rxc3 Rd4 20. f4 Nd5
21. Bxd5 Rxd5 22. Qxd5 1-0

[Event "East Lansing (MOR/5)"]
[Site "?"]
[Date "1991.??.??"]
[Round "?"]
[White "Idzikowski, T."]
[Black "Workman, K."]
[Result "1-0"]
[WhiteElo "1605"]
[BlackElo "1605"]
[PlyCount "92"]
[EventDate "1991.??.??"]

1. e4 Nc6 2. Nf3 e5 3. Nc3 a6 4. Be2 b5 5. d4 exd4 6. Nxd4 Nxd4 7. Qxd4 Bb7 8.
Bf4 c5 9. Qd2 Nf6 10. f3 Be7 11. a3 h6 12. O-O Bc6 13. b3 O-O 14. Bd3 Qb6 15.
Kh1 Rad8 16. Bxh6 gxh6 17. Qxh6 Nh7 18. e5 f5 19. Bxf5 Rxf5 20. Qg6+ Kh8 21.
Qxf5 Bf8 22. Rfe1 Bg7 23. Ne4 Rf8 24. Qg6 Qd8 25. Nd6 Bd5 26. Rab1 Qg5 27. Qxg5
Nxg5 28. h4 Nf7 29. Rbd1 Be6 30. Nxf7+ Rxf7 31. Rd3 Rf4 32. g3 Rf5 33. f4 c4
34. bxc4 Bxc4 35. Rxd7 Kh7 36. Ra7 Kh6 37. Rxa6+ Kh5 38. e6 Bd4 39. Kh2 Rf8 40.
Kh3 Re8 41. g4+ Kg6 42. f5+ Kf6 43. e7+ Kf7 44. g5 Rxe7 45. Rxe7+ Kxe7 46. f6+
Kf8 1-0

[Event "East Lansing (MOR/6)"]
[Site "?"]
[Date "1991.??.??"]
[Round "?"]
[White "Idzikowski, T."]
[Black "Rubel, J."]
[Result "1/2-1/2"]
[WhiteElo "1605"]
[BlackElo "1605"]
[PlyCount "89"]
[EventDate "1991.??.??"]

1. d4 Nf6 2. Nf3 g6 3. g3 Bg7 4. Nc3 O-O 5. Bg5 d6 6. Qd2 Re8 7. e4 Bg4 8. Bg2
Nc6 9. O-O Bxf3 10. Bxf3 Qc8 11. Rad1 e5 12. Bxf6 Bxf6 13. dxe5 Bxe5 14. Nd5
Nd4 15. Bg2 Qd8 16. c3 Nc6 17. f4 Bg7 18. f5 Ne5 19. f6 Bf8 20. Bh3 c6 21. Ne3
Qb6 22. b3 Bh6 23. Rde1 Rad8 24. c4 a5 25. Kh1 Bxe3 26. Rxe3 h6 27. Rd3 Kh7 28.
Rxd6 Rxd6 29. Qxd6 Qd8 30. Rd1 Qxd6 31. Rxd6 b6 32. Bf1 h5 33. a3 Kh6 34. Kg2
g5 35. Be2 Kg6 36. h3 Re6 37. Rxe6 fxe6 38. g4 h4 39. Kf2 Kxf6 40. Ke3 c5 41.
a4 Ng6 42. Bd3 Ke5 43. Be2 Nf4 44. Bf1 Kd6 45. Kf2 1/2-1/2

[Event "East Lansing (MOR/2)"]
[Site "?"]
[Date "1991.??.??"]
[Round "?"]
[White "Idzikowski, T."]
[Black "Collins, E."]
[Result "1-0"]
[WhiteElo "1605"]
[BlackElo "1605"]
[PlyCount "73"]
[EventDate "1991.??.??"]

1. d4 e6 2. e4 d5 3. exd5 exd5 4. Nc3 Nf6 5. Be2 Be7 6. Nf3 O-O 7. Be3 Re8 8.
O-O Bf5 9. Rc1 a6 10. Bd3 Qd7 11. Ne5 Qe6 12. Bg5 Bxd3 13. Qxd3 Nbd7 14. Rfe1
h6 15. Ng6 Ne4 16. Bxe7 Qxg6 17. Nxd5 c6 18. Nc7 Rxe7 19. Nxa8 Kf8 20. f3 Ng5
21. Qxg6 fxg6 22. Rxe7 Kxe7 23. c4 Ne6 24. Re1 Kd6 25. Rd1 b5 26. c5+ Kd5 27.
Nb6+ Nxb6 28. cxb6 Kd6 29. Re1 Nd8 30. Kf2 Nb7 31. Re5 Na5 32. b3 Nb7 33. g4 c5
34. Rxc5 Nxc5 35. dxc5+ Kc6 36. b4 g5 37. Ke3 1-0

[Event "East Lansing (MOR/2)"]
[Site "?"]
[Date "1991.??.??"]
[Round "?"]
[White "Hunt, D."]
[Black "Smeckert, Dennis"]
[Result "0-1"]
[WhiteElo "1605"]
[BlackElo "1605"]
[PlyCount "66"]
[EventDate "1991.??.??"]

1. d4 d5 2. Nf3 Nc6 3. c4 e5 4. cxd5 Qxd5 5. e3 Bg4 6. Be2 O-O-O 7. O-O f6 8.
Nc3 Qd7 9. Nb5 Bxf3 10. Bxf3 Kb8 11. Qa4 a6 12. Bxc6 Qxc6 13. Nc3 Qxa4 14. Nxa4
exd4 15. Rd1 b5 16. Nc3 d3 17. e4 g5 18. a3 Nh6 19. e5 Be7 20. Ne4 fxe5 21.
Nxg5 Bxg5 22. Bxg5 Rd6 23. f3 Nf7 24. Be7 Rd5 25. Bf6 Re8 26. b4 Nd6 27. a4 Nc4
28. axb5 axb5 29. Ra6 d2 30. Rc6 Nb2 31. Rc5 Rxc5 32. bxc5 Nxd1 33. Bg5 Ne3 0-1

[Event "East Lansing (MOR/5)"]
[Site "?"]
[Date "1991.??.??"]
[Round "?"]
[White "Hunt, D."]
[Black "Hubbell, W."]
[Result "0-1"]
[WhiteElo "1605"]
[BlackElo "1605"]
[PlyCount "98"]
[EventDate "1991.??.??"]

1. e4 c5 2. d4 cxd4 3. c4 dxc3 4. Bc4 cxb2 5. Bxb2 Nf6 6. Nc3 d6 7. Nf3 e5 8.
Ng5 Be6 9. Nxe6 fxe6 10. Bxe6 Qb6 11. Na4 Qb4+ 12. Nc3 Qxb2 13. Qa4+ Nbd7 14.
O-O Qxc3 15. Rac1 Qd4 16. Qc2 Be7 17. Bf7+ Kxf7 18. Qb3+ Ke8 19. Qxb7 Rb8 20.
Rc8+ Bd8 21. Rxb8 Nxb8 22. Qxb8 Qb6 23. Qc8 Qc7 24. Qe6+ Qe7 25. Qc4 Qd7 26. f4
h5 27. h4 Ng4 28. Qe2 Bxh4 29. Qf3 a5 30. a3 Qa7+ 31. Kh1 Qe3 32. Qd1 Nf2+ 33.
Rxf2 Qxf2 34. Qa4+ Ke7 35. Qb3 Bg3 36. Qb7+ Kf6 37. Qb1 Qe1+ 38. Qxe1 Bxe1 39.
Kg1 Bg3 40. f5 Rc8 41. Kf1 Rc4 42. Ke2 Rxe4+ 43. Kf3 Kxf5 44. Kxg3 Rg4+ 45. Kf3
e4+ 46. Kf2 Kf4 47. a4 Rg3 48. Kg1 Rc3 49. Kh1 Kg3 0-1